|
|
|
|
| LEADER |
00000nab a2200000 a 4500 |
| 001 |
vtls000899224 |
| 003 |
SK-MaSNL |
| 005 |
20260305023811.0 |
| 008 |
040720e19980121xo 0 slo |
| 035 |
|
|
|a KE8230
|
| 040 |
|
|
|a KEVKJB
|b slo
|c KEVKJB
|e AACR2
|
| 041 |
0 |
|
|a slo
|
| 044 |
|
|
|a xo
|c SK
|
| 080 |
|
|
|a 378.6
|2 1981
|
| 080 |
|
|
|a 73/76
|2 1981
|
| 100 |
1 |
|
|a Mezencevová, Zuzana
|4 aut
|9 880652
|
| 245 |
1 |
0 |
|a Nemajú odozvu
|b Čo s projektom Fakulty výtvarných umení v Košiciach
|
| 610 |
2 |
7 |
|a Technická univerzita v Košiciach.
|b Fakulta umení
|2 KEVKJB
|9 119614
|
| 650 |
0 |
7 |
|a vysoké školy
|2 KEVKJB
|9 1277
|
| 650 |
0 |
7 |
|a vytvorenie
|2 KEVKJB
|9 873740
|
| 650 |
0 |
7 |
|a návrhy
|2 KEVKJB
|9 328104
|
| 650 |
0 |
7 |
|a infromácie
|2 KEVKJB
|9 884862
|
| 651 |
|
7 |
|a Košice (Slovensko)
|2 KEVKJB
|9 18694
|
| 651 |
|
7 |
|a KE,
|2 KEVKJB
|9 877256
|
| 655 |
|
7 |
|a periodikum
|2 snkbucl
|9 29553
|
| 710 |
2 |
|
|a Technická univerzita v Košiciach.
|b Fakulta umení
|4 aut
|9 119614
|
| 773 |
0 |
8 |
|t Košický večer
|g Roč. 9
|g Roč. 30, č.13, 21.1.1998, s. 1
|
| 852 |
|
|
|a ZVYKNI
|b KIS3GCP
|
| 999 |
|
|
|c 3299132
|d 3301062
|